000 00837nam a2200253Ia 4500
003 OSt
005 20220930093940.0
006 a|||||r|||| 00| 0
007 ta
008 220926b |||||||| |||| 00| 0 eng d
024 _a63177
037 _cTheses
040 _aCRL
_cCRL
_beng
041 _2eng
_aeng
100 _aChakraborty Swapan Au.
_9553867
110 _aUniversity of Delhi. Faculty of Social Seiences. Department of Economics
_9553868
245 0 _aSome issues in labour market institutions, labour regulation and economic growth
260 _c2018
300 _aiv,199p.
_ap.
_ccm.
700 _a Das Mausumi Gu.
_9553372
700 _aUniversity of Delhi. Faculty of Social Seiences. Department of Economics
_9553869
942 _cDIS
_2CC
999 _c886299
_d886299